000 004590000a22001690004500
003 LK-CoMWRAF
008 230817t ||||| |||| 00| 0 eng d
020 _a1870634012
040 _aLK-CoMWRAF
_dLK-CoMWRAF
_eLK-CoMWRAF
041 _aeng
082 _a910
_bTHA
100 _aThawfeeq, M.M.
245 _aMemories of a Physician Politician Dr.M.C.M.Kaleel
_b
260 _bMarina Academy and Supplies International
_a
_c1987
300 _ap.191
942 _cBK
999 _c1429
_d1429